000 00485nam a2200169Ia 4500
999 _c6312
_d6312
003 OSt
005 20200123144344.0
008 190216s9999||||xx |||||||||||||| ||und||
020 _a8186314954
040 _coclc
082 _a658.5
_bBHI/F
100 _aBhivpathaki, Deepak P
_91351
245 0 _aProduction Management /
_cDeepak P Bhivpathaki
260 _bEverest Pubs.House ,
_c2001.
_aPune:
300 _a276p
942 _cBK
_2ddc
_h658.5
_iBHI/P
_k658.5
_mBHI/P